000 00494nam a2200169 a 4500
001 000044517
003 DO-SdBNP
005 20240507121655.0
008 140704s1983 dr a 000 0 spa d
040 _aDO-SdBNP
_bspa
_cBNPHU
110 2 _aInstituto de Capacitación Tributaria (República Dominicana)
_973226
245 1 0 _aMonte de piedad :
_bbase legal.
260 _aSanto Domingo :
_bINCAT,
_c1983.
300 _a78 p. :
_bil. ;
_c22 cm.
490 0 _aLegislativa
_v13
942 _2ddc
_cLBS1
999 _c44006
_d44006